000 01084nam a2200301Ia 4500
001 Para_8957
003 CHAP
008 220125s2005 xx 000 0 und d
010 _a207735
040 _cCHAP
090 _aPA TESIS 1893
100 _aJiménez Galindo, José Cruz
_961512
245 _aUso de los marcadores genético moleculares en la selección de variedades de frijol resistentes a Fusarium oxysporum (Schlecht.) Snyder y Hansen f.sp. phaseoli Kendrick y Snyder /
_c por José Cruc Jiménez Galindo
260 _aChapingo, Méx. :
_b el autor
300 _a72 h.
502 _aTesis (M.C. Esp. en Protección Vegetal) UACh. Departamento Parasitología Agrícola
650 _a
650 _aFrijol
_x enfermedades
_943367
650 _aFrijol
_x variedades resistentes a enfermedades
_943447
710 _aUACh. Departamento Parasitología Agrícola
_9164025
901 _aPA TESIS 1893
902 _aA
905 _a0000002005 ain 0000000000 00
910 _a2005
942 _cPARA
942 _cPARA
_d1
999 _c207735
_d207735